La tradición republicana : Alberdi, Sarmiento y las ideas políticas de su tiempo /
Guardado en:
| Autor Principal: | |
|---|---|
| Otros Autores: | |
| Formato: | Libro |
| Idioma: | Undetermined |
| Publicado: |
Ciudad Autónoma de Buenos Aires :
Edhasa,
2025.
|
| Edición: | 1a. ed. |
| Materias: | |
| Etiquetas: |
Agregar Etiqueta
Sin Etiquetas, Sea el primero en etiquetar este registro!
|
| LEADER | 00594nam a22001695a 4500 | ||
|---|---|---|---|
| 001 | DER.der015334 | ||
| 008 | 251022s2025####xx############000#0#und#d | ||
| 005 | 20251023110957.0 | ||
| 245 | 1 | 0 | |a La tradición republicana : |b Alberdi, Sarmiento y las ideas políticas de su tiempo / |c Natalio R. Botana ; prólogo de Hilda Sábato. |
| 250 | |a 1a. ed. | ||
| 260 | |a Ciudad Autónoma de Buenos Aires : |b Edhasa, |c 2025. | ||
| 300 | |a 491 p. | ||
| 020 | |a 9789876287678 | ||
| 100 | 1 | |a Botana, Natalio R. | |
| 700 | 1 | |a Sábato, Hilda, |e prol. | |
| 650 | 7 | |a HISTORIA ARGENTINA | |
| 859 | |a DERECHO |b BIB. DERECHO |h 982 |i BOT |p 0010659 | ||
